Pays/Capitales - Statistiques

Statistiques générales
  • Ce quiz a été pris 161 fois
    40 depuis la dernière actualisation
  • Le résultat moyen est 23 sur 40
Statistiques - réponses
Question Réponse % Correct
Tirana Albanie
88%
Paris France
88%
Vatican Vatican
88%
Canberra Australie
85%
Copenhague Danemark
85%
Chine Pékin
85%
Bolivie Sucre
85%
Liban Beyrouth
82%
Hongrie Budapest
82%
Bamako Mali
79%
Venezuela Caracas
74%
Irak Bagdad
68%
Estonie Tallinn
68%
Jordanie Amman
62%
Yamoussoukro Cote D'ivoire
62%
Vaduz Liechtenstein
62%
Slovénie Ljubljana
62%
Arabie Saoudite Riyad
62%
Géorgie Tbilissi
62%
Vientiane Laos
56%
Katmandou Nepal
56%
Moldavie Chisinau
50%
Podgorica Monténegro
50%
Salvador San Salvador
50%
Ethiopie Addis-Abeba
47%
Bangladesh Dacca
44%
Praia Cap-vert
41%
Asmara Erythrée
41%
Bichkek Kirghizistan
38%
Monrovia Liberia
38%
Mauritanie Nouakchott
38%
Togo Lomé
35%
Ouzbekistan Tachkent
35%
Mbabane Eswatini
32%
Djouba Soudan du sud
32%
Gitega Burundi
29%
Noursoultan Kazakhstan
29%
Port D'Espagne Trinité-Et-Tobago
29%
Mozambique Maputo
26%
Antigua-Et-Barbuda Saint-John's
24%
Aucun quiz correspondant
Distribution des résultats
% des personnes avec chaque résultat
Percentile par nombre de réponses
Votre historique - résultats
Vous n’avez pas pris ce quiz depuis la dernière actualisation